00466nam a2200181 a 4500001001300000003000900013005001700022008004100039020001000080082001600090100002800106245004400134260002500178300000900203500003500212505001100247650002600258nice12345678IN_TiNIC20260116014227.0080623s2007 dela grp 000 0 eng  ac49500a305.3bMUK1 aMukhopadhyay, Maitrayee aGender Justice, Citizenship Development aDelhibZubaan c2007 a358p aincludes index and biblioraphy2 abiblio aGender Discrimination